00928nam a22002297a 4500999001300000003000900013008004100022040007100063082002900134100002000163245010200183260005200285300002700337505008400364650003500448650003400483650002000517700002600537942001600563945002000579952009900599 c995d995AR-CdUCM190226b ||||| |||| 00| 0 spa d aMUNICIPALIDAD PROVINCIAL DEL CUSCOcBIBLIOTECA MUNICIPAL DEL CUSCO 21ra. ed.a332.185 /bM19 aMalpica, Carlos aEl Poder Economico en el Perú:bTomo I: Los Bancos Nacionales y sus Filiales /cMalpica, Carlos aLima - Perú:bLa Escena Contemporanea ,c1989 a522 paginas:c20.5 cm. aEstructura del poder economico en el Peru de la decada de los años ochenta... aEconomia Peruana del 80.93874 aEconomia Latinoamerica.93875 aBelaunde.93876 aMalpica, Carlos93873 2ddccLIBROS artmd2019-02-26 002ddc4070aSHbSHcCARTd2019-02-26g50.00o332.185 / M19pSH0000001266r2019-02-26yLIBROS